Animal madness : (Record no. 100055)

MARC details
000 -LEADER
fixed length control field 00739nam a22002177a 4500
005 - DATE AND TIME OF LATEST TRANSACTION
control field 20160531124758.0
010 ## - LCCN (DPL NO)
LC control number ENG-115138
020 ## - INTERNATIONAL STANDARD BOOK NUMBER
International Standard Book Number 9789385288845
Terms of availability 450.00
035 ## - SYSTEM CONTROL NUMBER
System control number EN-98670
037 ## - SOURCE OF ACQUISITION
Source of stock number/acquisition DBAD/PUB
082 ## - DEWEY DECIMAL CLASSIFICATION NUMBER
Classification number 591.5
100 ## - MAIN ENTRY--PERSONAL NAME
Personal name Braitman, Laurel
245 ## - TITLE STATEMENT
Title Animal madness :
Remainder of title how anxious dogs, compulsive parrots and elephants in recovery helps us understand ourselves /
Statement of responsibility, etc by Laurel Braitman
260 ## - PUBLICATION, DISTRIBUTION, ETC. (IMPRINT)
Place of publication, distribution, etc New Delhi
Name of publisher, distributor, etc Speaking Tiger
Date of publication, distribution, etc 2016
270 ## - ADDRESS
Address 4381/4 Ansari Road, Daryaganj,
City New Delhi
Postal code 110002
300 ## - PHYSICAL DESCRIPTION
Extent 373p.
Dimensions 23cm(pbk)
500 ## - GENERAL NOTE
General note Includes bibliographical references and index
650 ## - SUBJECT ADDED ENTRY--TOPICAL TERM
Topical term or geographic name as entry element Animal behavior.
650 ## - SUBJECT ADDED ENTRY--TOPICAL TERM
Topical term or geographic name as entry element Animal psychology.
942 ## - ADDED ENTRY ELEMENTS (KOHA)
Source of classification or shelving scheme Dewey Decimal Classification
Item type English Books
Call number suffix BRA
Classification part 591.5
Holdings
Withdrawn status Lost status Not for loan Collection code Home library Current library Date acquired Source of acquisition Cost, normal purchase price Full call number Barcode Copy number Cost, replacement price Koha item type
    Not For Loan Non-fiction D.B.Act.Division Bawana 24/05/2016 DBAD/PUB 450.00 591.5 BRA EN-98670 1 450.00 English Books

© Delhi Public Library
Hit Counter
free hit counter